Baptism : (Record no. 9392)

MARC details
000 -LEADER
fixed length control field 00852nam a22002177a 4500
003 - CONTROL NUMBER IDENTIFIER
control field GBCCL
005 - DATE AND TIME OF LATEST TRANSACTION
control field 20241126110711.0
008 - FIXED-LENGTH DATA ELEMENTS--GENERAL INFORMATION
fixed length control field 221114b ||||| |||| 00| 0 eng d
020 ## - INTERNATIONAL STANDARD BOOK NUMBER
International Standard Book Number 9780857218780
040 ## - CATALOGING SOURCE
Transcribing agency gbc
082 ## - DEWEY DECIMAL CLASSIFICATION NUMBER
Classification number 265.1
Item number GRE
100 ## - MAIN ENTRY--PERSONAL NAME
Personal name Green, Michael
9 (RLIN) 7738
245 ## - TITLE STATEMENT
Title Baptism :
Remainder of title its purpose, practice and power
260 ## - PUBLICATION, DISTRIBUTION, ETC.
Place of publication, distribution, etc. Oxford :
Name of publisher, distributor, etc. Monarch Books,
Date of publication, distribution, etc. 2017
300 ## - PHYSICAL DESCRIPTION
Extent 143 pages ;
Dimensions 20 cm
505 ## - FORMATTED CONTENTS NOTE
Formatted contents note Confusion reigns! -- Back to the beginning -- The baptisms of John and Jesus -- Baptism : what does it mean and what does it do? -- The baptism of believers - and their children -- Objections considered -- Baptism and confirmation -- 'Rebaptism' -- Baptism in the Holy Spirit.
650 ## - SUBJECT ADDED ENTRY--TOPICAL TERM
Topical term or geographic name entry element Baptism
9 (RLIN) 2157
650 ## - SUBJECT ADDED ENTRY--TOPICAL TERM
Topical term or geographic name entry element Infant baptism
9 (RLIN) 15404
650 ## - SUBJECT ADDED ENTRY--TOPICAL TERM
Topical term or geographic name entry element Baptism in the Holy Spirit
9 (RLIN) 2853
942 ## - ADDED ENTRY ELEMENTS (KOHA)
Source of classification or shelving scheme Dewey Decimal Classification
Koha item type Books
Koha issues (borrowed), all copies 1
Holdings
Withdrawn status Lost status Source of classification or shelving scheme Damaged status Not for loan Home library Current Library Shelving location Date acquired Total checkouts Total renewals Full call number Barcode Date last seen Date last checked out Copy number Price effective from Koha item type
    Dewey Decimal Classification     GRACE BIBLE COLLEGE GRACE BIBLE COLLEGE Ministry & Mission 2022-11-14 2 1 265.1 GRE 015873 2025-08-18 2025-08-12 c.1 2022-11-14 Books
© Grace Bible College Library 2025